Movies Quiz

Random Movies or Clickable Quiz
Score 0/16 Timer 03:00
0 Plays Today
Question Answer Wrong Answers
Which one of these films stars Angelina Jolie? Mr. and Mrs. Smith
95.8%
Minority Report
0.6%
Walk Hard: the Dewey Cox Story
0.5%
Four Brothers
0.5%
Which one of these films stars Angelina Jolie? Lara Croft: Tomb Raider
95.3%
Ice Age: Dawn of the Dinosaurs
0.8%
The Full Monty
0.4%
Black Book
0.7%
Which one of these films stars Angelina Jolie? Maleficent: Mistress of Evil
92.7%
Mrs. Winterbourne
2.1%
Peggy Sue Got Married
0.9%
Dreamer: Inspired by a True Story
1.6%
Which one of these films stars Angelina Jolie? Salt
91.6%
The English Patient
1.9%
Unforgiven
3.3%
Jaws
0.5%
Which one of these films stars Angelina Jolie? Girl, Interrupted
86.3%
Shakespeare in Love
2.1%
The Bourne Ultimatum
1.8%
The Boss
6.8%
Which one of these films stars Angelina Jolie? The Tourist
84.7%
Any Given Sunday
4.2%
Once Upon a Time in the West
4.8%
Ready to Rumble
3.3%
Which one of these films stars Angelina Jolie? Gone in 60 Seconds
81.1%
300
4.1%
Varsity Blues
5.7%
Osmosis Jones
6.2%
Which one of these films stars Angelina Jolie? Wanted
80.9%
Revolutionary Road
6.7%
Turbulence
7.9%
Shaun of the Dead
1.6%
Which one of these films stars Angelina Jolie? Changeling
79.6%
Bad Lieutenant: Port of Call New Orleans
5%
The Talented Mr. Ripley
7.8%
American Graffiti
4.6%
Which one of these films stars Angelina Jolie? Gia
70.4%
Big Trouble
6.8%
The Woman in Black
12.8%
Eastern Promises
7%
Which one of these films stars Angelina Jolie? Original Sin
68.1%
Umbrellas of Cherbourg
5.8%
We're No Angels
14.7%
The Black Hole
8%
Which one of these films stars Angelina Jolie? Taking Lives
66.3%
The Croods
11.7%
The Blind Side
4.5%
It's Complicated
14.4%
Which one of these films stars Angelina Jolie? Hackers
65.5%
The Reader
12.1%
Carlito's Way
8.8%
Jules et Jim
10.4%
Which one of these films stars Angelina Jolie? Sky Captain and the World of Tomorrow
49.3%
Body of Lies
32.4%
Bulletproof Monk
5.1%
The Last Station
10.1%
Which one of these films stars Angelina Jolie? By the Sea
47.8%
Joe Somebody
12.2%
A Beautiful Mind
6.9%
Up Close & Personal
30.1%
Which one of these films stars Angelina Jolie? A Mighty Heart
43.5%
Unbroken
37.3%
The Game of Their Lives
8.4%
BloodRayne
7.7%
Remove Ads.
Support Sporcle.
Get the best of Sporcle when you Go Orange. This ad-free experience offers more features, more stats, and more fun while also helping to support Sporcle. Thank you for becoming a member.

You're not logged in!

Compare scores with friends on all Sporcle quizzes.
OR
Log In

Show Comments

Extras

Top Quizzes Today


Score Distribution

Your Account Isn't Verified!

In order to create a playlist on Sporcle, you need to verify the email address you used during registration. Go to your Sporcle Settings to finish the process.

Report this User

Report this user for behavior that violates our Community Guidelines.

Details: